Statistics for Terraria Enemies 1.4.3

Click here to take the quiz!

General Stats

  • This quiz has been taken 92 times
    (89 since last reset)
  • The average score is 162 of 347

Answer Stats

Answer% Correct
Blue Slime
91%
Green Slime
91%
Zombie
88%
Demon
84%
Skeleton
84%
Ghost
81%
Skeletron
81%
Wall of Flesh
81%
Eater of Worlds
79%
Golem
79%
King Slime
79%
Moon Lord
79%
Moth
79%
Purple Slime
79%
Queen Bee
79%
Shark
79%
Brain of Cthulhu
77%
Duke Fishron
77%
Hornet
77%
Mothron
77%
Plantera
77%
Queen Slime
77%
Rainbow Slime
77%
Skeletron Prime
77%
The Twins
77%
Eye of Cthulhu
74%
Pinky
74%
The Destroyer
74%
Unicorn
74%
Eater of Souls
72%
Hellbat
72%
Ice Queen
72%
Ice Slime
72%
Lava Slime
72%
Lunatic Cultist
72%
Pirate Captain
72%
Pumpking
72%
Yellow Slime
72%
Angry Bones
70%
Antlion
70%
Blood Zombie
70%
Cave Bat
70%
Demon Eye
70%
Empress of Light
70%
Flying fish
70%
Jungle Bat
70%
Jungle Slime
70%
Paladin
70%
Dark Caster
67%
Flying Dutchman
67%
Giant Tortoise
67%
Martian Saucer
67%
Red Slime
67%
Bee
65%
Black Slime
65%
Bone Lee
65%
Chaos Elemental
65%
Crab
65%
Deerclops
65%
Face Monster
65%
Goblin Warrior
65%
Man Eater
65%
Mimic
65%
Moss Hornet
65%
Mourning Wood
65%
Ogre
65%
Pixie
65%
The Possessed
65%
Wraith
65%
Betsy
63%
Bone Serpent
63%
Drippler
63%
Dungeon Guardian
63%
Everscream
63%
Fire Imp
63%
Goblin Archer
63%
Harpy
63%
Pink Jellyfish
63%
Sand Shark
63%
Voodoo Demon
63%
Wyvern
63%
Blue Jellyfish
60%
Mother Slime
60%
Sand Elemental
60%
Skeleton Commando
60%
Spiked Jungle Slime
60%
Vampire
60%
Werewolf
60%
Antlion Charger
58%
Corruptor
58%
Crimson Mimic
58%
Cursed Skull
58%
Dark Mage
58%
Dungeon Slime
58%
Goblin Peon
58%
Green Jellyfish
58%
Hallowed Mimic
58%
Headless Horseman
58%
Hell Armored Bones
58%
Mummy
58%
Vulture
58%
Wandering Eye
58%
Corrupt Mimic
56%
Creeper
56%
Crimera
56%
Crimslime
56%
Goblin Sorcerer
56%
Goblin Summoner
56%
Ice Golem
56%
Illuminant Bat
56%
Illuminant Slime
56%
Jungle Mimic
56%
Lava Bat
56%
Nymph
56%
Red Devil
56%
Skeleton Sniper
56%
Blue Armored Bones
53%
Corrupt Slime
53%
Giant Cursed Skull
53%
Slimer
53%
Tactical Skeleton
53%
Tim
53%
Antlion Swarmer
51%
Baby Slime
51%
Diabolist
51%
Gastropod
51%
Giant Bat
51%
Medusa
51%
Nebula Pillar
51%
Necromancer
51%
Parrot
51%
Piranha
51%
Pirate Deckhand
51%
Rusty Armored Bones
51%
Servant of Cthulhu
51%
Skeleton Archer
51%
Spiked Ice Slime
51%
Stardust Pillar
51%
The Groom
51%
Tortured Soul
51%
Umbrella Slime
51%
Vortex Pillar
51%
Blood Crawler
49%
Clown
49%
Dark Mummy
49%
Devourer
49%
Dreadnautilus
49%
Enchanted Sword
49%
Ice Tortoise
49%
Icy Merman
49%
Raincoat Zombie
49%
Santa-NK1
49%
Solar Pillar
49%
Spiked Slime
49%
Spore Skeleton
49%
Swamp Thing
49%
The Bride
49%
Corrupt Bunny
47%
Corrupt Goldfish
47%
Crawltipede
47%
Elf Copter
47%
Floaty Gross
47%
Herpling
47%
Ice Mimic
47%
Ichor Sticker
47%
Jungle Creeper
47%
Raven
47%
Rune Wizard
47%
Spore Zombie
47%
Squid
47%
The Hungry
47%
Undead Miner
47%
Zombie Elf
47%
Angry Nimbus
44%
Antlion Larva
44%
Armored Skeleton
44%
Baby Mothron
44%
Derpling
44%
Desert Spirit
44%
Giant Worm
44%
Granite Golem
44%
Ice Bat
44%
Light Mummy
44%
Mister Stabby
44%
Nailhead
44%
Pirate Corsair
44%
Pirate Crossbower
44%
Salamander
44%
Scarecrow
44%
Sea Snail
44%
Snatcher
44%
Snow Balla
44%
Snow Flinx
44%
Spore Bat
44%
Undead Viking
44%
Angry Trapper
42%
Angry Tumbler
42%
Butcher
42%
Corrupt Penguin
42%
Creature from the Deep
42%
Digger
42%
Goblin Scout
42%
Granite Elemental
42%
Ice Elemental
42%
Krampus
42%
Maggot Zombie
42%
Poltergeist
42%
Psycho
42%
Rock Golem
42%
Snowman Gangsta
42%
Tomb Crawler
42%
Wall Creeper
42%
Black Recluse
40%
Dune Splicer
40%
Elf Archer
40%
Etherian Goblin
40%
Flying Snake
40%
Frankenstein
40%
Giant Flying Fox
40%
Hellhound
40%
Mothron Egg
40%
Pigron
40%
Pirate Deadeye
40%
Sand Slime
40%
Alien Larva
37%
Alien Queen
37%
Angler Fish
37%
Angry Dandelion
37%
Deadly Sphere
37%
Doctor Bones
37%
Gnome
37%
Goblin Theif
37%
Hoplite
37%
Lihzahrd
37%
Possessed Armour
37%
Present Mimic
37%
Slimeling
37%
Splinterling
37%
Wolf
37%
Yeti
37%
Clinger
35%
Crawdad
35%
Crystal Thresher
35%
Dr. Man Fly
35%
Dungeon Spirit
35%
Etherian Wyvern
35%
Eyezor
35%
Fungi Bulb
35%
Gingerbread Man
35%
Hoppin' Jack
35%
Kobold
35%
Probe
35%
Zombie Merman
35%
Arapaima
33%
Armored Viking
33%
Blood Eel
33%
Blood Jelly
33%
Bone Biter
33%
Brain Suckler
33%
Cursed Hammer
33%
Flesh Reaver
33%
Ghoul
33%
Leech
33%
Martian Engineer
33%
Mushi Ladybug
33%
Ragged Caster
33%
Star Cell
33%
Alien Hornet
30%
Blood Mummy
30%
Crimson Axe
30%
Dreamer Ghoul
30%
Flocko
30%
Frozen Zombie
30%
Giant Fungi Bulb
30%
Giant Shelly
30%
Gray Grunt
30%
Hemogoblin Shark
30%
Lamia
30%
Predictor
30%
Sharkron
30%
Vicious Bunny
30%
Vicious Penguin
30%
Anomura Fungus
28%
Drakin
28%
Etherian Javelin Thrower
28%
Evolution Beast
28%
Fritz
28%
Golden Slime
28%
Martian Officer
28%
Nebula Floater
28%
Nutcracker
28%
Reaper
28%
Scutlix
28%
Shadowflame Apparition
28%
Vicious Goldfish
28%
Wandering Eye Fish
28%
World Feeder
28%
Basilisk
26%
Chattering Teeth Bomb
26%
Corite
26%
Giant Antlion Charger
26%
Lac Beetle
26%
Martian Drone
26%
Old One's Skeleton
26%
Sand Poacher
26%
Twinkle
26%
Twinkle Popper
26%
Vortexian
26%
Bouncy Slime
23%
Cochineal Beetle
23%
Cyan Beetle
23%
Giant Antlion Swarmer
23%
Kobold Glider
23%
Martian Walker
23%
Pirate's Curse
23%
Sroller
23%
Tesla Turret
23%
Wither Beast
23%
Brain Scrambler
21%
Drakomire
21%
Etherian Lightning Bug
21%
Ray Gunner
21%
Vile Ghoul
21%
Ancient Vision
19%
Blood Feeder
19%
Drakomire Rider
19%
Etherian Goblin Bomber
19%
Fungo Fish
19%
Milkyway Weaver
19%
Scutlix Gunner
19%
Selenian
19%
Storm Diver
19%
Ancient Doom
16%
Blue Cultist Archer
16%
Crystal Slime
16%
Heavenly Slime
16%
Lunatic Devote
16%
Meteor Head
16%
Phantasmal Dragon
16%
Tainted Ghoul
16%
Drakanian
14%
Flow Invader
14%
Blood Squid
12%
Gigazapper
12%
Plantera's Tentacle
12%
Toxic Slime
9%
Stargazer
7%

Score Distribution

Percentile by Number Answered

Percent of People with Each Score

Your Score History

You have not taken this quiz since the last reset